CLIPPER. Popis systému /

Gespeichert in:
Bibliographische Detailangaben
Hauptverfasser: Kočí, Antonín (Verfasst von), Jimel, Jiří (Verfasst von)
Format: Buch
Sprache:Tschechisch
Veröffentlicht: Praha : Grada, 1991
Schriftenreihe:"Nestůjte za dveřmi
Tags: Tag hinzufügen
Keine Tags, Fügen Sie das erste Tag hinzu!

MARC

LEADER 00000nam a22000003a 4500
001 stu911
005 20200924090656.5
008 911218s1991----cs------------------cze-d
020 |a 8085424-19-3^ 
040 |a STU  |b slo 
041 0 |a cze 
044 |a cs 
080 |a 681.32.06 
080 |a CLIPPER 
080 |a 519.68 
100 1 |a Kočí, Antonín  |4 aut 
245 1 |a CLIPPER. Popis systému /  |c [aut.] Kočí,Antonín; Jimel,Jiří 
260 |a Praha :  |b Grada,  |c 1991 
300 |a 230 s 
700 1 |a Jimel, Jiří  |4 aut 
830 0 |a "Nestůjte za dveřmi 
996 |b E75448  |c E*75448  |l EE10  |s P  |a 0  |w stu911_0001 
996 |b E76553  |c E*76553  |l EE11  |s P  |a 0  |w stu911_0002